000 00335nam a2200133Ia 4500
005 20260328104324.0
008 260328s9999||||xx |||||||||||||| ||und||
100 _aLavalou, Armelle
245 0 _aConversaciones con Jean Prouvé /
_cArmelle Lavalou
260 _bGustavo Gili
300 _a91 p.
650 _aARQUITECTOS
942 _cBK
999 _c11460
_d11460